| 000 | 00613nam a2200229 i 4500 | ||
|---|---|---|---|
| 001 | 15142 | ||
| 003 | ES-MaACL | ||
| 005 | 20250626063132.0 | ||
| 007 | t| | ||
| 008 | 991223s1999 sp ||||1| spa d | ||
| 020 | _a84-406-9433-4 | ||
| 080 | _a821.111(73)-31"19" | ||
| 100 | 0 |
_aWolfe, Tom, _d1931- _9117247 |
|
| 245 | 1 | 0 |
_aTodo un hombre / _cTom Wolfe. |
| 250 | _a1ยช ed. | ||
| 260 |
_aBarcelona : _bEdiciones B, _c1999. |
||
| 300 |
_a762 p. ; _c24 cm. |
||
| 490 | 1 | _aTiempos modernos | |
| 830 | 0 |
_aTiempos modernos _9178583 |
|
| 852 |
_aES-MaACL _jL-22406 _bR.127806 |
||
| 999 |
_c15142 _d15142 |
||